MARC

LEADER 00000nam^a2200000^a^4500
001 000628647
005 20260219000000.0
009 20260310134117.423
020 |a 978-607-2647-18-3 
037 |a Acervo ITESO - Biblioteca 
041 |a ESP 
082 |a 860. 92  |b LUN 
100 |a Luna Flores, Iveth  |e (autor) 
245 1 0 |a Neblina afuera /  |c I. Luna Flores. 
264 4 |a México :  |b Sexto Piso,  |c 2025, c2025 
300 |a 132 p. 
336 |a texto  |b txt  |2 rdacontenido 
337 |a sin mediación  |b n  |2 rdamedio 
338 |a volumen  |b nc  |2 rdasoporte 
440 1 |a (Narrativa Sexto Piso) 
521 |a FIL 2025 DIA 
649 |a XX 
650 |a Escritores Mexicanos -  |x Memorias 
650 |a Mujeres Mexicanas -  |x Memorias 
650 |a Mujeres en la Literatura 
650 |a Mujeres -  |z Apodaca, Nuevo León -  |x Condiciones Sociales y Culturales 
650 |a Obreros en la Literatura 
650 |a Obreros -  |z Apodaca, Nuevo León -  |x Condiciones Sociales y Culturales 
650 |a Industria -  |z Apodaca, Nuevo León 
650 |a Memorias Mexicanas 
650 |a Literatura Mexicana -  |y Siglo XXI 
650 |a Literatura de Mujeres -  |z México 
650 |a Literatura Autobiográfica -  |z México 
650 |a Machismo 
650 |a Identidad Personal 
650 |a Economía Laboral -  |z Apodaca, Nuevo León 
650 |a Apodaca, Nuevo León en la Literatura 
650 |a Apodaca, Nuevo León -  |x Condiciones Sociales y Culturales 
910 |a Fondo General 
920 |a Impresos - Libros 
930 |a Colección General 
940 |a Literatura 
905 |a 101 
901 |a 628647-10  |b IT1  |c LIT  |i C192533  |u 20260219 
902 |a https://opac.biblio.iteso.mx/vufind/Record/000628647